Dos móns, dues economies / (Record no. 176505)

MARC details
000 -LEADER
campo de control de longitud fija 00698nam a2200205 i 4500
001 - NÚMERO DE CONTROL
campo de control 176505
003 - IDENTIFICADOR DE NÚMERO DE CONTROL
campo de control ES-MaACL
005 - FECHA Y HORA DE LA ÚLTIMA TRANSACCIÓN
campo de control 20250721062645.0
008 - DATOS DE LONGITUD FIJA--INFORMACIÓN GENERAL
campo de control de longitud fija 110119s1963 sp a |||| | cat d
080 ## - NÚMERO DE LA CLASIFICACIÓN DECIMAL UNIVERSAL
Número de la Clasificación Decimal Universal 33
245 00 - MENCIÓN DEL TÍTULO
Título Dos móns, dues economies /
Mención de responsabilidad, etc. Padrós, D. de Gélida, Muntaner, Bricall.
260 ## - PUBLICACIÓN, DISTRIBUCIÓN, ETC.
Lugar de publicación, distribución, etc. Sarrià (Barcelona) :
Nombre del editor, distribuidor, etc. Editorial Franciscana,
Fecha de publicación, distribución, etc. 1963.
300 ## - DESCRIPCIÓN FÍSICA
Extensión 153 p. :
Otras características físicas il. bl. y n. ;
Dimensiones 19 cm.
490 1# - MENCIÓN DE SERIE
Mención de serie Critèrion. Col·lecció Ideològica ;
Designación de volumen o secuencia 18
504 ## - NOTA DE BIBLIOGRAFÍA, ETC.
Nota de bibliografía, etc. Bibliografía: p. 149-153.
650 07 - PUNTO DE ACCESO ADICIONAL DE MATERIA--TÉRMINO DE MATERIA
Término de materia o nombre geográfico como elemento de entrada Economía
Fuente del encabezamiento o término embne
9 (RLIN) 12006
830 0# - PUNTO DE ACCESO ADICIONAL DE SERIE-TÍTULO UNIFORME
Título uniforme Critèrion. Col·lecció Ideològica ;
Designación de volumen o secuencia 18
9 (RLIN) 190094
852 ## - LOCALIZACIÓN
Ubicación ES-MaACL
Número de control de estantería E-14107
Encuadernación Olim P-735
Holdings
Estatus retirado Estado de pérdida Estado de daño No para préstamo Biblioteca de origen Biblioteca actual Ubicación en estantería Fecha de adquisición Fuente de adquisición Total de préstamos Signatura topográfica completa Código de barras Visto por última vez Precio de reemplazo Tipo de ítem Koha
        Biblioteca del Ateneo de Madrid Biblioteca del Ateneo de Madrid Depósito 2 19/01/2011     E-14107 1185366 23/02/2023 23/02/2023 Libro impreso